Nuits Fauves Fauve Paroles - Statistiques

Statistiques générales
  • Ce quiz a été pris 75 fois
  • Le résultat moyen est 423 sur 665
Statistiques - réponses
Réponse % Correct
à
97%
À
97%
l'
97%
n'
97%
c'
95%
C'
95%
d'
95%
s'
95%
t'
95%
le
93%
de
90%
De
90%
se
90%
te
90%
Te
90%
es
88%
les
88%
m'
88%
en
87%
qu'
87%
Qu'
87%
Ce
85%
ce
85%
on
85%
On
85%
Et
83%
et
83%
j'
83%
J'
83%
La
83%
la
83%
là,
83%
nuits
83%
fauves,
82%
fauves
82%
que
80%
Que
80%
me
78%
pas
78%
Tu
78%
tu
78%
sa
77%
tes
77%
ça
75%
ça,
75%
des
75%
Des
75%
qui
75%
Qui
75%
regard
75%
si
75%
au
73%
Je
73%
je
73%
Quand
73%
quand
73%
est
72%
Par
72%
Quel
70%
tout
70%
Tout
70%
dans
68%
Elle
68%
elle
68%
Fais
68%
ou
68%
sur
68%
Sur
68%
un
68%
Un
68%
histoire
67%
part
67%
plus
67%
Regarde
67%
ta
67%
aux
65%
comme
65%
gaffe
65%
il
65%
promets
65%
sera
65%
signaux
65%
affiches
63%
bien
63%
grand
63%
Mets
63%
narvalos
63%
pour
63%
Pour
63%
ton
63%
as
62%
belle
62%
coup
62%
entends
62%
mains
62%
Mais
62%
oreilles
62%
rire
62%
vie,
62%
chose
60%
cul
60%
enfin
60%
fait
60%
fille
60%
parle
60%
peur?
60%
Promis
60%
putain
60%
sens
60%
vivra
60%
bar
58%
Bonsoir
58%
Bonsoir,
58%
bonsoir
58%
Ceux
58%
faire
58%
leur
58%
peu
58%
quoi
58%
quoi?
58%
rétracter
58%
soir
58%
une
58%
billes
57%
dessus,
57%
embuscade
57%
faut
57%
juré
57%
même
57%
Même
57%
mensonges
57%
notre
57%
Perds
57%
Aller
55%
aller
55%
attrape
55%
bout
55%
bras
55%
croises
55%
disent
55%
draps
55%
espoir
55%
mon
55%
mort,
55%
partager
55%
Quelque
55%
sans
55%
sauvagement
55%
ses
55%
toucher
55%
verre
55%
ai
53%
Alors
53%
chaleur
53%
connaîtras
53%
dépassé
53%
perfore
53%
seul
53%
tigre
53%
tombe
53%
train
53%
accepte
52%
blizzard
52%
crier
52%
désespères
52%
humaine
52%
quelqu'un
52%
reprend
52%
son
52%
tous
52%
trompe
52%
truc
52%
compassion,
50%
contrarié
50%
du
50%
foi
50%
foi,
50%
grande
50%
laquelle
50%
lycéenne,
50%
machin
50%
membre
50%
reprendre
50%
sais
50%
selon
50%
sous
50%
Tripoter
50%
zob
50%
bandant,
48%
bas
48%
box-office
48%
cartonne
48%
cause
48%
dément,
48%
dis-leur
48%
Dis-leur
48%
enlève
48%
gare
48%
glisser
48%
idée
48%
porno
48%
portent
48%
redonne
48%
robes
48%
seins
48%
soirs
48%
voudrais
48%
vraiment
48%
ancienne
47%
arrêtes,
47%
bois
47%
ces
47%
entraînes
47%
films
47%
lesquels
47%
lorsqu'
47%
lune
47%
Métro,
47%
offre
47%
Puis
47%
rageusement
47%
sauve
47%
souffle
47%
voix
47%
amuse
45%
canines
45%
déglingue
45%
Depuis
45%
hauts
45%
ici
45%
longtemps
45%
meurs
45%
parfois
45%
porter
45%
talons
45%
toi,
45%
viens
45%
apéro,
43%
clopes
43%
gauler
43%
gogo
43%
ruelles
43%
sombres
43%
trémousser
43%
arpenter
42%
chattes
42%
clochette
42%
coups
42%
croiser
42%
plastique,
42%
secouant
42%
trouver
42%
chance
40%
charmant
40%
dire,
40%
dire
40%
feras
40%
Imagine-toi,
40%
monde
40%
prince
40%
Quelle
40%
rêvent
40%
épilées
38%
offrira
38%
pendant
38%
rien
38%
veulent
38%
vidéo
38%
bélier,
37%
cour
37%
invoqués
37%
noie...
37%
noie
37%
scintiller
37%
veut
37%
million
35%
miracle
35%
années
33%
cutter
33%
feront
33%
moins
33%
Tandis
33%
taulard
33%
venir
33%
endormir
32%
feulements
32%
force
32%
jambes,
32%
l'amour
32%
lexo,
32%
l'instant
32%
passe
32%
raidir,
32%
souvenir
32%
supplie,
32%
travelos
32%
Écarte
30%
minutes
30%
paumes
30%
pitié,
30%
tard
30%
temps
30%
terrifiant
30%
fasses
28%
guimauve
28%
kiffer
28%
range
28%
trois
28%
va-et-vient
28%
échappent
27%
gaspillage
27%
Laisse-moi
27%
mettre
27%
essuie
25%
pourtant,
25%
Toutes
25%
trop
23%
ans
22%
besoin
22%
choses
22%
mentir,
22%
tant
22%
courant
18%
croyait
18%
direct
18%
escalier
18%
Malheureusement,
18%
couchant
17%
meurtrit,
17%
nos
17%
remonte
17%
seulement
17%
soleil
17%
jusqu'à
13%
2000
12%
l'aube
12%
nuuts
10%
rêves
10%
catapulte
8%
Aucun quiz correspondant
Distribution des résultats
% des personnes avec chaque résultat
Percentile par nombre de réponses
Votre historique - résultats
Vous n’avez pas pris ce quiz